| 000 | 00645nam a22002297a 4500 | ||
|---|---|---|---|
| 005 | 20170124110049.0 | ||
| 010 | _a821074 | ||
| 020 | _c30.00 | ||
| 035 | _a821074 | ||
| 037 | _bCen Lib/Ret | ||
| 040 |
_aDPL _bEN |
||
| 082 |
_a657.6 _bGUP |
||
| 100 |
_aGupta, Kamal _925037 |
||
| 245 |
_aContemporary auditing / _cby Kamal Gupta |
||
| 260 |
_aNew Delhi _bTata macgraw hill publishing company _c1976 |
||
| 270 |
_bNew Delhi _a 12/4 Asaf ali road _e110002 |
||
| 300 |
_axii,578p. _c20cm(Hb) |
||
| 500 | _aIncludes index | ||
| 650 |
_aAuditing _922371 |
||
| 650 |
_aAccounting _910075 |
||
| 942 |
_2ddc _cEN _h657.6 _mGUP |
||
| 999 |
_c128989 _d128989 |
||